| 000 | 00591nam a22002057i 4500 | ||
|---|---|---|---|
| 001 | IT\ICCU\UM1\0248463 | ||
| 003 | ItRI | ||
| 005 | 20260306154524.0 | ||
| 008 | 220908s2022 it |||||| ||||| |||||c | ||
| 020 | _a9788804752370 | ||
| 040 |
_bita _cNP |
||
| 041 | 7 |
_aita _2ISO-639-2 |
|
| 100 | 1 |
_aMurakami, Haruki _0IT\ICCU\LO1V\086706 |
|
| 245 | 1 | 3 |
_aLa ragazza dello Sputnik / _cMurakami Haruki ; traduzione dal giapponese di Giorgio Amitrano. |
| 260 |
_a[Milano] : _bMondadori, _c2022 |
||
| 300 |
_a216 p. ; _c20 cm. |
||
| 942 |
_2ddc _cBK |
||
| 981 | 1 |
_6z01 _ai _bxxxe |
|
| 982 | 1 |
_6z01 _an |
|
| 999 |
_c28844 _d28844 |
||